Understanding Information Technology - VI (Record no. 10944)

MARC details
000 -LEADER
fixed length control field 00353nam a22000977a 4500
008 - FIXED-LENGTH DATA ELEMENTS--GENERAL INFORMATION
fixed length control field 180412b ||||| |||| 00| 0 eng d
020 ## - INTERNATIONAL STANDARD BOOK NUMBER
International Standard Book Number 9788182965331
100 ## - MAIN ENTRY--PERSONAL NAME
Personal name Dey, Dilip Kumar
9 (RLIN) 6748
245 ## - TITLE STATEMENT
Title Understanding Information Technology - VI
Remainder of title Windows 7 and MS Office 2010 with ubdates on MS Office 2013
260 ## - PUBLICATION, DISTRIBUTION, ETC. (IMPRINT)
Place of publication, distribution, etc. New Delhi
Name of publisher, distributor, etc. Arya Publishing Company
Date of publication, distribution, etc. 2016
Holdings
Withdrawn status Lost status Source of classification or shelving scheme Damaged status Koha normalized classification for sorting Not for loan Home library Current library Shelving location Date acquired Total Checkouts Full call number Barcode Date last seen Price effective from Koha item type
    Dewey Decimal Classification   DEY_00354_D7   Good Samaritan School Library Good Samaritan School Library Computer Science 04/12/2018   DEY003,54 D-7 DEY13657 04/12/2018 04/12/2018 BOOK

Powered by Koha